LIBRARY & INFORMATION CENTRE, KCAET, TAVANUR

ONLINE PUBLIC ACCESS CATALOGUE (OPAC)

Foundation engineering handbook / (Record no. 7106)

MARC details
000 -LEADER
fixed length control field 00442cam a2200169ua 4500
041 ## - LANGUAGE CODE
Language code of text/sound track or separate title eng
082 ## - DEWEY DECIMAL CLASSIFICATION NUMBER
Classification number 028.71624
Item number WIN/FO
100 ## - MAIN ENTRY--AUTHOR NAME
Personal name Winterkorn, Hans F .
245 ## - TITLE STATEMENT
Title Foundation engineering handbook /
250 ## - EDITION STATEMENT
Edition statement 1 /
260 ## - PUBLICATION, DISTRIBUTION, ETC. (IMPRINT)
Place of publication Newdelhi :
Name of publisher Galgolia book house ,
Year of publication 1975.
300 ## - PHYSICAL DESCRIPTION
Number of Pages 751 ; .
700 1# - ADDED ENTRY--PERSONAL NAME
Personal name Fans, Hsai-Yang .
942 ## - ADDED ENTRY ELEMENTS (KOHA)
Koha item type Books
Holdings
Withdrawn status Lost status Damaged status Home library Current library Date acquired Full call number Accession Number Koha item type
      KAUAET KAUAET 09/03/1987 028.71624 WIN/FO 16054 Books
free website counter